000 00610nam a2200241Ia 4500
003 OSt
005 20221005042031.0
006 a|||||r|||| 00| 0
007 ta
008 221004b |||||||| |||| 00| 0 eng d
024 _a68959
037 _cTextual
040 _aCRL
_cCRL
_beng
041 _2eng
_aeng
082 _aY:1.271'F, M3
100 _aRath B K
245 0 _aCultural history of Orissa
_b A D 855-1110
260 _aDelhi
_bSundeep
_c1983
300 _a208p.
_ccm.
650 _aSOCIOLOGY
942 _hY:1.271'F, M3
_cTEXL
_2cc
999 _c949556
_d949556